| 000 | 00823cam a22002773a 4500 | ||
|---|---|---|---|
| 001 | 10269 | ||
| 003 | PGUSA | ||
| 005 | 20140828083222.0 | ||
| 008 | 031101s2003||||xxu|||||s|||||000 | eng d | ||
| 040 |
_aPGUSA _beng |
||
| 042 | _adc | ||
| 050 | 4 | _aM | |
| 100 | 1 |
_a"Colored Quartet" _q(name unknown) |
|
| 245 | 1 | 0 |
_aPharoah's Army Got Drownded _h[electronic resource] / _c"Colored Quartet" |
| 260 |
_bProject Gutenberg, _c2003 |
||
| 500 | _aRecorded July 9, 1924. | ||
| 506 | _aPublic domain in the USA. | ||
| 516 | _aElectronic text | ||
| 653 | _aAfrican Americans -- Music | ||
| 653 | _aSpirituals (Songs) | ||
| 740 | 0 | _aPharoah's Army Got Drowned | |
| 740 | 0 | _aOh Mary, Don't You Weep, Don't You Mourn | |
| 830 | 0 |
_aProject Gutenberg _v10269 |
|
| 856 | 4 | 0 | _uhttp://www.gutenberg.org/ebooks/10269 |
| 942 | _cEB | ||
| 999 |
_c239524 _d239524 |
||